| 000 | 00357nam a2200145Ia 4500 | ||
|---|---|---|---|
| 005 | 20251222141756.0 | ||
| 008 | 251222s9999||||xx |||||||||||||| ||spa|| | ||
| 020 | _a8447315258 | ||
| 082 | _a364.154.098/G23 | ||
| 100 | _aGarcía Márquez, Gabriel | ||
| 245 | 0 | _a Noticia de un Secuestro | |
| 250 | _a1ra.ed. | ||
| 264 | _bEBD Editores,S.A. | ||
| 942 | _cLIB | ||
| 999 |
_c6007 _d6007 |
||